Welcome to CU Library Online Public Access Catalogue (OPAC)

Pastoral care in context : (Record no. 3395)

MARC details
000 -LEADER
fixed length control field 00675cam a2200229 a 4500
001 - CONTROL NUMBER
control field 4886474
005 - DATE AND TIME OF LATEST TRANSACTION
control field 20250203174744.0
008 - FIXED-LENGTH DATA ELEMENTS--GENERAL INFORMATION
fixed length control field 930222s1993 kyu b 001 0 eng
020 ## - INTERNATIONAL STANDARD BOOK NUMBER
International Standard Book Number 0664220347 (recycled alk. paper)
050 00 - LIBRARY OF CONGRESS CALL NUMBER
Classification number BV4400
Item number .P38 1993
082 00 - DEWEY DECIMAL CLASSIFICATION NUMBER
Classification number 253
Edition information 20
100 1# - MAIN ENTRY--PERSONAL NAME
Personal name Patton, John,
Dates associated with a name 1930-
245 10 - TITLE STATEMENT
Title Pastoral care in context :
Remainder of title an introduction to pastoral care /
Statement of responsibility, etc. John Patton.
250 ## - EDITION STATEMENT
Edition statement 1st ed.
260 ## - PUBLICATION, DISTRIBUTION, ETC.
Place of publication, distribution, etc. Louisville, Ky. :
Name of publisher, distributor, etc. Westminster/John Knox Press,
Date of publication, distribution, etc. c1993.
300 ## - PHYSICAL DESCRIPTION
Extent 274 p. ;
Dimensions 24 cm.
650 #0 - SUBJECT ADDED ENTRY--TOPICAL TERM
Topical term or geographic name entry element Church work.
650 #0 - SUBJECT ADDED ENTRY--TOPICAL TERM
Topical term or geographic name entry element Pastoral care.
650 #0 - SUBJECT ADDED ENTRY--TOPICAL TERM
Topical term or geographic name entry element Lay ministry.
650 #0 - SUBJECT ADDED ENTRY--TOPICAL TERM
Topical term or geographic name entry element Pastoral counseling.
942 ## - ADDED ENTRY ELEMENTS (KOHA)
Source of classification or shelving scheme Library of Congress Classification
Koha item type Books
Suppress in OPAC No
999 ## -
-- 3395
-- 3395
Holdings
Withdrawn status Lost status Source of classification or shelving scheme Damaged status Not for loan Collection Home library Current library Shelving location Date acquired Total checkouts Full call number Barcode Date last seen Copy number Price effective from Koha item type
    Library of Congress Classification     Non-fiction Graduate Library (Christ Temple) Graduate Library (Christ Temple) General stacks 02/03/2025   BV 4400 PAT GSCT00000451 02/03/2025 1 02/03/2025 Books
© 2023-2024 Copyright: Central University Libraries. All Rights Reserved | Created by: Mahone Tech Office